Pays méditerranéens les plus peuplés - Statistiques

Statistiques générales
  • Ce quiz a été pris 72 fois
    48 depuis la dernière actualisation
  • Le résultat moyen est 14 sur 16
Statistiques - réponses
Hint Réponse % Correct
38 400 000 Maroc
100%
47 400 000 Algérie
98%
47 900 000 Espagne
98%
68 600 000 France
98%
87 700 000 Turquie
98%
118 400 000 Egypte
96%
9 940 000 Grèce
96%
70 300 000 Royaume-Uni
96%
12 350 000 Tunisie
96%
59 100 000 Italie
93%
7 460 000 Libye
91%
3 850 000 Croatie
85%
5 850 000 Liban
83%
9 500 000 Israël
80%
25 600 000 Syrie
72%
3 140 000 Bosnie-H.
61%
Aucun quiz correspondant
Distribution des résultats
% des personnes avec chaque résultat
Percentile par nombre de réponses
Votre historique - résultats
Vous n’avez pas pris ce quiz depuis la dernière actualisation